000 00304nam a2200109Ia 4500
008 200302s9999 xx 000 0 und d
100 _aRobyn Beaver & Beth Brown (Ed.)
245 _aAn Asian Spirit In Contemporary Design -- A 49
260 _bImages Publishing, Austraila
260 _c2009
300 _a420
999 _c4548
_d4548